000 00623nam a22001817a 4500
999 _c61484
_d61484
005 20240319125410.0
008 240319s1974 ru ||||| |||| 00| 0 rus d
041 _arus
080 _a902 T-13
100 _aТаврический, Херсонес
_921466
245 _aPемесло и культура /
_cХерсонес Таврический.
264 _aКиев :
_bНаукова думка,
_c1974.
300 _a103 с.:
_bил.;
_c22 см.
653 _aხელობა და კულტურა
653 _aისტორია
653 _aკულტურა
942 _2udc
_cᲬᲘᲒᲜᲘ